| Tag |
First Indicator |
Second Indicator |
Subfields |
| LEADER |
00000cas a2200000 4500 |
| 001 |
in00000037552 |
| 005 |
20151007074346.0 |
| 008 |
751101d19691970nyuar bo 0uuua0eng d |
| 010 |
|
|
|a 72079427
|
| 035 |
|
|
|a (OCoLC)01765129
|
| 035 |
|
|
|9 AAF1387AM
|
| 040 |
|
|
|a DLC
|c MUL
|d TXA
|d UtOrBLW
|
| 049 |
|
|
|a TXAE
|
| 050 |
0 |
0 |
|a Z1037.A1
|b S3
|
| 082 |
0 |
|
|a 028.52/05
|
| 245 |
0 |
4 |
|a The School library journal book review.
|
| 264 |
|
1 |
|a New York :
|b R.R. Bowker Co.
|
| 300 |
|
|
|a 2 volumes ;
|c 29 cm.
|a annual.
|
| 336 |
|
|
|a text
|b txt
|2 rdacontent
|
| 337 |
|
|
|a unmediated
|b n
|2 rdamedia
|
| 338 |
|
|
|a volume
|b nc
|2 rdacarrier
|
| 362 |
0 |
|
|a 1968/69-1969/70.
|
| 515 |
|
|
|a Period covered by each vol. ends May 31.
|
| 650 |
|
0 |
|a Children's literature
|v Bibliography
|v Periodicals.
|
| 650 |
|
0 |
|a Books
|v Reviews
|v Periodicals.
|
| 999 |
|
|
|a MARS
|
| 999 |
f |
f |
|s 7c48e4c7-d798-36f5-a6c3-e67de2a67335
|i 5bb60269-37d3-326b-ad4b-28d3c1903faa
|t 0
|
| 952 |
f |
f |
|p ric
|a Texas A&M University
|b Rellis Campus
|c Joint Library Facility
|d Remote Storage
|t 0
|e Z1037.A1 S3
|h Library of Congress classification
|i unmediated -- volume
|k 1969/1970
|m A14842192586
|
| 998 |
f |
f |
|a Z1037.A1 S3
|s 1969/1970
|t 0
|l Remote Storage
|